<?xml version="1.0" encoding="UTF-8"?><?xml-stylesheet type="text/xsl" href="static/style.xsl"?><OAI-PMH xmlns="http://www.openarchives.org/OAI/2.0/" xmlns:xsi="http://www.w3.org/2001/XMLSchema-instance" xsi:schemaLocation="http://www.openarchives.org/OAI/2.0/ http://www.openarchives.org/OAI/2.0/OAI-PMH.xsd"><responseDate>2026-04-18T06:01:41Z</responseDate><request verb="GetRecord" identifier="oai:www.recercat.cat:10256/22693" metadataPrefix="marc">https://recercat.cat/oai/request</request><GetRecord><record><header><identifier>oai:recercat.cat:10256/22693</identifier><datestamp>2024-05-22T11:35:28Z</datestamp><setSpec>com_2072_452966</setSpec><setSpec>com_2072_2054</setSpec><setSpec>col_2072_452968</setSpec></header><metadata><record xmlns="http://www.loc.gov/MARC21/slim" xmlns:dcterms="http://purl.org/dc/terms/" xmlns:xsi="http://www.w3.org/2001/XMLSchema-instance" xmlns:doc="http://www.lyncode.com/xoai" xsi:schemaLocation="http://www.loc.gov/MARC21/slim http://www.loc.gov/standards/marcxml/schema/MARC21slim.xsd">
   <leader>00925njm 22002777a 4500</leader>
   <datafield ind2=" " ind1=" " tag="042">
      <subfield code="a">dc</subfield>
   </datafield>
   <datafield ind2=" " ind1=" " tag="720">
      <subfield code="a">Peresson Mas, Ernest</subfield>
      <subfield code="e">author</subfield>
   </datafield>
   <datafield ind2=" " ind1=" " tag="260">
      <subfield code="c">2020-06-01</subfield>
   </datafield>
   <datafield ind2=" " ind1=" " tag="520">
      <subfield code="a">A Cerler i totes les estacions per poder disposar de neu en la temporada d’esquí es&#xd;
pràcticament una obligació tenir neu artificial, ja que sense ella en el clima que estem&#xd;
tindríem poques opcions d’esquiar i en èpoques concretes que podrien canviar cada&#xd;
setmana.&#xd;
Per no dependre tant de la climatologia, el que les estacions han fet és crear una xarxa&#xd;
de canonades per portar l’aigua, que juntament amb l’aire comprimit es forma la neu.&#xd;
En aquest projecte es vol dimensionar, incorporar i adaptar tres noves pistes en la&#xd;
instal·lació existent, ja que el nombre d’esquiadors cada any augmenten i amb ells&#xd;
també les seves exigències, per això el que es vol fer es un altre accés a l’estació, per&#xd;
evitar aglomeracions i també tenir un altre vall a la que poder expandir-se en futures&#xd;
obres</subfield>
   </datafield>
   <datafield ind2=" " ind1=" " tag="520">
      <subfield code="a">In Cerler and all the stations to be able to have snow in the ski season&#xd;
practically an obligation to have artificial snow, since without it in the climate we are in&#xd;
we would have few options for skiing and in specific times that could change every time&#xd;
week&#xd;
In order not to depend so much on the weather, what the stations have done is to create a network&#xd;
of pipes to carry the water, which together with the compressed air forms the snow.&#xd;
In this project we want to dimension, incorporate and adapt three new tracks in the&#xd;
existing facility, as the number of skiers increases every year and with them&#xd;
also their demands, which is why what we want to do is another access to the station, for&#xd;
avoid agglomerations and also have another valley to be able to expand in the future&#xd;
works</subfield>
   </datafield>
   <datafield ind1="8" ind2=" " tag="024">
      <subfield code="a">http://hdl.handle.net/10256/22693</subfield>
   </datafield>
   <datafield tag="653" ind2=" " ind1=" ">
      <subfield code="a">Skin runs</subfield>
   </datafield>
   <datafield tag="653" ind2=" " ind1=" ">
      <subfield code="a">Pistes d'esquí</subfield>
   </datafield>
   <datafield ind2="0" ind1="0" tag="245">
      <subfield code="a">Implementació i dimensionament d’una nova pista d’esquí en una instal·lació existent</subfield>
   </datafield>
</record></metadata></record></GetRecord></OAI-PMH>